[Event "AUTO-ELITE-515"]
[Site "http://www.queenalice.com/game.php?id=749625"]
[Date "2010.3.21"]
[Round "1"]
[White "Arkyng"]
[Black "Crumbnick"]
[Result "0-1"]
[WhiteElo "2210"]
[BlackElo "2493"]

1. d4 Nf6 2. c4 e6 3. Nf3 d5 4. Bg5 h6 5. Bxf6 Qxf6 6. Nc3 Bb4 7. e3 Nc6 8. Be2
O-O 9. O-O Bxc3 10. bxc3 b6 11. Qa4 Bd7 12. Qc2 Rad8 13. Rab1 Rfe8 14. Rfe1 Re7
15. Bd3 dxc4 16. Bxc4 e5 17. Bd3 Rde8 18. Bh7+ Kf8 19. Be4 exd4 20. exd4 Qf4 21.
Bd3 Rxe1+ 22. Rxe1 Rxe1+ 23. Nxe1 Ne7 24. Nf3 Qd6 0-1

[Event "AUTO-ELITE-515"]
[Site "http://www.queenalice.com/game.php?id=749626"]
[Date "2010.3.21"]
[Round "1"]
[White "Crumbnick"]
[Black "JDZ"]
[Result "1-0"]
[WhiteElo "2502"]
[BlackElo "2489"]

1. e4 c5 2. Nf3 d6 3. d4 cxd4 4. Nxd4 Nf6 5. Nc3 a6 6. Be2 e5 7. Nb3 Be7 8. O-O
O-O 9. Qd3 Be6 10. Nd5 Bxd5 11. exd5 Nbd7 12. c4 Re8 13. Be3 Rc8 14. Nd2 g6 15.
Rfe1 Bf8 16. Qb3 Qc7 17. Rac1 Bg7 18. Qa3 h5 19. b4 Kh7 20. Nf3 Kg8 21. Ng5 e4
22. Red1 a5 23. bxa5 Nc5 24. Rb1 Qe7 25. Rb5 Nfd7 26. h4 Be5 27. Rdb1 Rc7 28. g3
Qf6 29. Rd1 Qe7 30. Bf1 Bf6 31. Bh3 Bxg5 32. Bxg5 f6 33. Be3 Nd3 34. Rdb1 N7c5
35. Bf1 Rf8 36. Bd4 Kg7 37. Rb6 Rd8 38. Bxd3 Nxd3 39. a6 bxa6 40. Qxa6 Rcd7 41.
Rb8 Ne1 42. Rxd8 Nf3+ 43. Kg2 1-0

[Event "AUTO-ELITE-515"]
[Site "http://www.queenalice.com/game.php?id=749627"]
[Date "2010.3.21"]
[Round "1"]
[White "JDZ"]
[Black "Crumbnick"]
[Result "1/2-1/2"]
[WhiteElo "2513"]
[BlackElo "2530"]

1. e4 c5 2. Nf3 d6 3. d4 cxd4 4. Nxd4 Nf6 5. Nc3 a6 6. Be3 e6 7. Be2 Be7 8. f4
Nc6 9. O-O Qc7 10. a4 O-O 11. Qe1 Bd7 12. Qg3 Rfe8 13. Nb3 Nb4 14. e5 Nfd5 15.
Nxd5 Nxd5 16. Bd4 g6 17. c4 Nb4 18. Qf2 a5 19. Bb6 Qb8 20. Nxa5 Bd8 21. Nb3 Bxa4
22. Na5 Bd7 23. exd6 Nc2 24. Bxd8 Rxd8 25. Rac1 Nb4 26. Qb6 Qa7 27. Qxa7 Rxa7
28. Nb3 b6 29. c5 bxc5 30. Nxc5 Be8 31. Rfd1 Nd5 32. Ne4 Nxf4 33. Kf2 Nd5 34.
Bc4 Rb7 35. b3 Rb4 36. Bxd5 exd5 37. Nf6+ Kf8 38. Nxe8 Kxe8 39. Rxd5 Rb6 40.
Re1+ Kf8 41. Rb1 Rbxd6 42. Rxd6 Rxd6 43. b4 Ke7 44. b5 Rf6+ 45. Ke3 Kd7 46. Rc1
Rb6 47. Rc5 Re6+ 48. Kd3 f5 49. g3 Re4 50. Kc3 h5 51. Rc6 g5 52. Rc5 h4 53. Rxf5
hxg3 54. hxg3 Re3+ 55. Kb4 Rxg3 56. Kc5 g4 57. Rg5 Rc3+ 58. Kd4 Rb3 59. Kc4
1/2-1/2

[Event "AUTO-ELITE-414"]
[Site "http://www.queenalice.com/game.php?id=758726"]
[Date "2010.4.9"]
[Round "2"]
[White "PunditJi"]
[Black "Crumbnick"]
[Result "1/2-1/2"]
[WhiteElo "2469"]
[BlackElo "2490"]

1. d4 Nf6 2. c4 e6 3. Nf3 d5 4. Bg5 Nc6 5. e3 Be7 6. Nc3 h6 7. Bh4 O-O 8. Be2
Ne4 9. Bxe7 Qxe7 10. O-O Nxc3 11. bxc3 b6 12. cxd5 exd5 13. c4 dxc4 14. Bxc4 Na5
15. Be2 Bb7 16. Rc1 Rac8 17. Qa4 Rfd8 18. Rc3 c5 19. Rfc1 cxd4 20. Nxd4 Rxc3 21.
Rxc3 g6 22. Qc2 Rd5 23. Bf1 Rc5 24. Rxc5 Qxc5 25. Qxc5 bxc5 26. Nb5 Bd5 27. Nc3
Be6 28. f4 1/2-1/2

[Event "AUTO-ELITE-414"]
[Site "http://www.queenalice.com/game.php?id=758727"]
[Date "2010.4.9"]
[Round "2"]
[White "Crumbnick"]
[Black "PunditJi"]
[Result "1-0"]
[WhiteElo "2495"]
[BlackElo "2461"]

1. e4 c6 2. d4 d5 3. e5 Bf5 4. Nf3 e6 5. Be2 c5 6. Be3 Ne7 7. dxc5 Nd7 8. Nd4 a6
9. O-O Nxc5 10. Nd2 Bg6 11. N2f3 Nc8 12. a4 Ne4 13. a5 Bc5 14. Ne1 Ba7 15. f3
Nc5 16. b4 Nd7 17. f4 Ne7 18. Nef3 O-O 19. c4 dxc4 20. Bxc4 Nb8 21. Rf2 Nec6 22.
Qd2 Qe7 23. f5 exf5 24. e6 Kh8 25. Nxc6 Nxc6 26. Bxa7 Nxa7 27. Re1 f6 28. Nh4
Nc6 29. Rf3 Ne5 30. Rh3 Be8 31. Nxf5 Nxc4 32. Qc3 Qc7 33. Re4 Bg6 34. Rxc4 Qe5
35. Ne7 Bf5 36. Qxe5 fxe5 37. Nxf5 Rxf5 38. Rf3 Rxf3 39. gxf3 Kg8 40. Rc7 Rb8
41. Kf2 e4 42. f4 Re8 43. e7 1-0

[Event "AUTO-ELITE-452"]
[Site "http://www.queenalice.com/game.php?id=788053"]
[Date "2010.6.10"]
[Round "2"]
[White "Crumbnick"]
[Black "Plotnnikov"]
[Result "1-0"]
[WhiteElo "2536"]
[BlackElo "2496"]

1. c4 c5 2. Nc3 Nc6 3. e3 Nf6 4. Nf3 e6 5. Be2 d5 6. d4 dxc4 7. Bxc4 Be7 8. O-O
O-O 9. dxc5 Bxc5 10. a3 a6 11. b4 Qxd1 12. Rxd1 Be7 13. e4 b5 14. Bd3 Rd8 15. e5
Nd5 16. Nxd5 Rxd5 17. Bb2 Bb7 18. Be4 Rxd1+ 19. Rxd1 Rd8 20. Rxd8+ Nxd8 21. Bxb7
Nxb7 22. Nd4 Kf8 23. f4 Ke8 24. g4 Kd7 25. Kf2 f6 26. f5 exf5 27. Nxf5 fxe5 28.
Nxe7 Kxe7 29. Bxe5 g5 30. Ke3 Ke6 31. Kd4 Nd6 32. Bg3 Nb7 33. Bc7 Kd7 34. Bb8
Nd6 35. Kc5 Nc8 36. Be5 1-0

[Event "AUTO-ELITE-452"]
[Site "http://www.queenalice.com/game.php?id=788054"]
[Date "2010.6.10"]
[Round "2"]
[White "Plotnnikov"]
[Black "Crumbnick"]
[Result "0-1"]
[WhiteElo "2478"]
[BlackElo "2516"]

1. c4 e5 2. Nc3 Nf6 3. Nf3 Nc6 4. g3 d5 5. cxd5 Nxd5 6. Bg2 Nb6 7. O-O Be7 8. b4
Bxb4 9. Qb3 Be7 10. d3 O-O 11. Qb2 Be6 12. a4 Rb8 13. Bd2 f5 14. a5 Nd7 15. Qc1
Nc5 16. Ng5 Bxg5 17. Bxg5 Qd7 18. Ra3 Nb3 19. Qb2 Nbxa5 20. Rfa1 b6 21. Bc1 Nd4
22. Rb1 Rbe8 23. e3 Ndb3 24. Qc2 Nxc1 25. Rxc1 c5 0-1

[Event "AUTO-ELITE-452"]
[Site "http://www.queenalice.com/game.php?id=788055"]
[Date "2010.6.10"]
[Round "2"]
[White "Crumbnick"]
[Black "sical"]
[Result "1-0"]
[WhiteElo "2543"]
[BlackElo "2413"]

1. c4 Nf6 2. Nc3 g6 3. d4 Bg7 4. e4 d6 5. Nf3 O-O 6. Be2 e5 7. dxe5 dxe5 8. Qxd8
Rxd8 9. Bg5 c6 10. Nxe5 Re8 11. O-O-O Na6 12. Nf3 Ng4 13. Bh4 Nc5 14. h3 Bxc3
15. bxc3 Rxe4 16. hxg4 Rxe2 17. Rd8+ Kg7 18. Nd4 Nd3+ 19. Kb1 Re1+ 20. Rxe1 Nxe1
21. Be7 f6 22. Bd6 Nxg2 23. Kc1 a6 24. c5 g5 25. a4 h6 26. a5 Nh4 27. Ne6+ Bxe6
28. Rxa8 Bxg4 29. Rb8 Kg6 30. Rxb7 Be2 31. Rb6 Nf5 32. Rxc6 Kf7 33. Kd2 Bc4 34.
Bh2 Ne7 35. Rb6 h5 36. c6 h4 37. c7 Nc8 38. Rb8 Be6 39. Ra8 Ke7 40. c4 Kd7 41.
Kd3 Bh3 42. Rxa6 Ke7 43. Ra8 Kd7 44. a6 Bg2 45. Rb8 Bh3 46. Rb2 Kc6 47. f3 Bf5+
48. Kc3 h3 49. Ra2 Kb6 50. c5+ Ka7 51. Bg1 h2 52. Bxh2 Be6 53. Ra1 Bd5 54. Bg1
Bc6 55. Kb4 1-0

[Event "AUTO-ELITE-452"]
[Site "http://www.queenalice.com/game.php?id=788056"]
[Date "2010.6.10"]
[Round "2"]
[White "sical"]
[Black "Crumbnick"]
[Result "0-1"]
[WhiteElo "2457"]
[BlackElo "2523"]

1. e4 c5 2. c3 Nc6 3. d4 cxd4 4. cxd4 e6 5. d5 exd5 6. exd5 Bb4+ 7. Nc3 Ne5 8.
a3 Bxc3+ 9. bxc3 Nf6 10. f4 Ng6 11. Qe2+ Kf8 12. d6 Qa5 13. Rb1 b6 14. Qf3 Rb8
15. Qd3 Bb7 16. Rb5 Re8+ 17. Ne2 Qa6 18. c4 Bc6 19. Rb3 Ne4 20. Rb4 Qa5 21. Be3
h5 22. h4 Qf5 23. Rh3 Rh6 24. Qd4 Kg8 25. Bc1 Qg4 26. f5 Nxh4 27. Bxh6 Nxf5 28.
Qg1 gxh6 29. Rbb3 Qg7 30. Rbd3 Ba4 31. Nd4 Ng5+ 32. Rde3 Nxe3 33. Rxe3 Ne4 0-1

[Event "Challenge"]
[Site "http://www.queenalice.com/game.php?id=833463"]
[Date "2010.9.15"]
[Round "-"]
[White "amarkin"]
[Black "Crumbnick"]
[Result "0-1"]
[WhiteElo "2512"]
[BlackElo "2544"]

1. d4 Nf6 2. c4 e6 3. Nf3 Bb4+ 4. Bd2 Qe7 5. Nc3 O-O 6. Qc2 c5 7. a3 Bxc3 8.
Bxc3 cxd4 9. Nxd4 Rd8 10. e3 d6 11. Be2 e5 12. Nb3 Nc6 13. O-O d5 14. Rad1 Be6
15. Na5 Nxa5 16. Bxa5 Rdc8 17. Bc3 e4 18. Rd2 dxc4 19. Rfd1 Rc6 20. Bb4 Qe8 21.
Bc3 Qe7 22. Bxf6 Qxf6 23. Qxe4 g6 24. g3 Rac8 25. Bg4 Bxg4 26. Qxg4 Kg7 27. Qd7
R6c7 28. Qa4 a6 29. Rd4 Rc5 30. Qb4 c3 31. bxc3 Rb5 32. Qa4 Rxc3 33. Rf4 Rf5 34.
Rxf5 Qxf5 35. Qb4 Rc2 36. Rd2 Rxd2 37. Qxd2 b5 38. Qb4 Qd3 39. e4 h6 40. Kg2 Kf6
41. Qb2+ Ke6 42. f3 a5 43. g4 Qc4 44. Qf2 b4 45. Qb6+ Kd7 46. Qxa5 b3 47. Qa7+
Ke6 48. Qb8 Qc3 49. Qe8+ Kd6 50. Qxf7 Qd2+ 51. Kh3 b2 52. e5+ Kxe5 0-1

[Event "AUTO-ELITE-515"]
[Site "http://www.queenalice.com/game.php?id=839150"]
[Date "2010.9.28"]
[Round "2"]
[White "helianthus"]
[Black "Crumbnick"]
[Result "1/2-1/2"]
[WhiteElo "2420"]
[BlackElo "2541"]

1. e4 c5 2. Nf3 d6 3. d4 cxd4 4. Nxd4 Nf6 5. f3 e5 6. Bb5+ Bd7 7. Bxd7+ Nbxd7 8.
Nf5 d5 9. exd5 Nb6 10. Nc3 Qd7 11. Qd3 Nbxd5 12. Bd2 g6 13. Ne3 Nb6 14. Nc4 Qxd3
15. cxd3 Nfd7 16. O-O-O Rc8 17. Nxb6 Nxb6 18. Rhe1 f6 19. f4 Bg7 20. fxe5 fxe5
21. Bf4 O-O 22. Bxe5 Nd5 23. Bxg7 Kxg7 24. Kc2 Rc7 25. Rd2 Rf6 26. Re5 Nxc3 27.
bxc3 Ra6 28. Kb1 Rxc3 29. Re7+ Kf6 30. Rxb7 h5 31. d4 Rcc6 32. Kb2 Ra4 33. a3
Rca6 34. Rb3 Kf5 35. Rbd3 Rb6+ 36. Kc2 Rc6+ 37. Kb3 Rca6 38. Ka2 Rd6 39. d5 Ra5
40. Kb3 Rb6+ 41. Kc4 Ra4+ 42. Kc5 Ra5+ 43. Kd4 Ra4+ 44. Ke3 Rd6 45. g3 Ra5 46.
Kf3 Ke5 47. Re2+ Kf5 48. Re7 Rdxd5 49. Rxd5+ Rxd5 50. Rf7+ Ke5 51. Rxa7 Rd3+ 52.
Ke2 Rb3 53. Kd1 g5 54. Rh7 h4 55. gxh4 gxh4 56. Rh5+ Kf6 57. Rxh4 Rxa3 58. Ke2
1/2-1/2

[Event "AUTO-ELITE-515"]
[Site "http://www.queenalice.com/game.php?id=839151"]
[Date "2010.9.28"]
[Round "2"]
[White "Crumbnick"]
[Black "helianthus"]
[Result "1-0"]
[WhiteElo "2549"]
[BlackElo "2425"]

1. e4 c5 2. Nf3 d6 3. d4 Nf6 4. Nc3 cxd4 5. Nxd4 a6 6. Be2 e6 7. O-O Qc7 8. Qd3
Nbd7 9. a4 b6 10. Qg3 Bb7 11. f3 Nh5 12. Qh4 Nhf6 13. g4 d5 14. g5 Bc5 15. Be3
Ng8 16. exd5 e5 17. d6 Qc8 18. Rad1 exd4 19. Bxd4 h6 20. Bc4 Kf8 21. Ne4 Bxd4+
22. Rxd4 g6 23. Qf4 Rh7 24. gxh6 Bxe4 25. fxe4 Nxh6 26. Bd5 g5 27. Qf3 Rb8 28.
Rc4 Qe8 29. Rc7 Rd8 30. Qh3 Kg8 31. c4 Nf8 32. Qg3 Qxa4 33. e5 Qc2 34. e6 Nxe6
35. Bxe6 Qxb2 36. Bd5 Kh8 37. Re7 f5 38. Qe1 Ng4 39. Rxf5 Qxh2+ 40. Kf1 Qh3+ 41.
Ke2 Rxe7+ 42. dxe7 Qe3+ 43. Kd1 Rxd5+ 44. Rxd5 Qb3+ 45. Kc1 Qa3+ 46. Kc2 Ne3+
47. Qxe3 Qxe3 48. Rd8+ 1-0

[Event "AUTO-ELITE-640"]
[Site "http://www.queenalice.com/game.php?id=843430"]
[Date "2010.10.8"]
[Round "1"]
[White "JDZ"]
[Black "Crumbnick"]
[Result "1/2-1/2"]
[WhiteElo "2494"]
[BlackElo "2550"]

1. e4 c5 2. Nf3 d6 3. d4 cxd4 4. Nxd4 Nf6 5. Nc3 Nc6 6. Bg5 e6 7. Qd2 Be7 8.
O-O-O O-O 9. f4 h6 10. Bh4 e5 11. Nf5 Bxf5 12. exf5 Rc8 13. Kb1 Re8 14. Bb5 exf4
15. Qxf4 Nh5 16. Qg4 Bxh4 17. Qxh5 Re3 18. Nd5 Re5 19. Qg4 Qg5 20. Be2 Rce8 21.
Qxg5 Bxg5 22. Bg4 Ne7 23. Nxe7+ Bxe7 24. c3 b5 25. Kc2 b4 26. cxb4 Re4 27. Bf3
Rxb4 28. Rhe1 a5 29. g3 Kf8 30. Re2 Reb8 31. b3 a4 32. Rd3 Rc8+ 33. Rc3 axb3+
34. axb3 Rxc3+ 35. Kxc3 Rb5 36. b4 d5 37. Ra2 Bxb4+ 38. Kd4 Bc5+ 39. Kxd5 Bg1+
40. Kd6 Rb8 41. Bc6 Bb6 42. Ra6 Kg8 43. Ke5 Bg1 44. Ra2 Rb4 45. Rd2 f6+ 46. Ke6
Rb6 47. Kd7 Ra6 48. Bd5+ Kh7 49. Rg2 1/2-1/2

[Event "AUTO-ELITE-640"]
[Site "http://www.queenalice.com/game.php?id=843431"]
[Date "2010.10.8"]
[Round "1"]
[White "Crumbnick"]
[Black "JDZ"]
[Result "1/2-1/2"]
[WhiteElo "2551"]
[BlackElo "2493"]

1. e4 c5 2. Nf3 d6 3. d4 cxd4 4. Nxd4 Nf6 5. Nc3 a6 6. Bd3 e5 7. Nb3 Be7 8. O-O
O-O 9. Be3 Nc6 10. a3 Be6 11. Nd5 Bxd5 12. exd5 Nxd5 13. Bxh7+ Kxh7 14. Qxd5 f5
15. f4 e4 16. Nd4 Qa5 17. Qb3 Nxd4 18. Bxd4 Qc7 19. Rad1 Rac8 20. c3 b5 21. Rd2
Qc4 22. Qd1 Qe6 23. Re1 Kg8 24. Re3 Bf6 25. Ree2 Bxd4+ 26. Rxd4 Rc6 27. Red2 Rd8
28. Rd5 Rd7 29. h3 e3 30. Re2 Rc4 31. Rd4 d5 32. Qd3 Rxd4 33. Qxd4 Re7 34. Kf1
Kf8 35. g3 Kf7 36. Re1 e2+ 37. Kf2 g6 38. h4 a5 39. Kf3 a4 40. Qd2 Qc6 41. Rxe2
d4+ 42. Kf2 Rxe2+ 43. Kxe2 Qg2+ 44. Kd1 Qxg3 1/2-1/2

[Event "AUTO-ELITE-640"]
[Site "http://www.queenalice.com/game.php?id=843436"]
[Date "2010.10.8"]
[Round "1"]
[White "amarkin"]
[Black "Crumbnick"]
[Result "1/2-1/2"]
[WhiteElo "2549"]
[BlackElo "2551"]

1. c4 e5 2. Nc3 Nf6 3. Nf3 Nc6 4. g3 d5 5. cxd5 Nxd5 6. Bg2 Nb6 7. O-O Be7 8. a4
a5 9. e3 Bg4 10. h3 Be6 11. d4 exd4 12. Nxd4 Nxd4 13. exd4 c6 14. Ne4 O-O 15.
Nc5 Bxc5 16. dxc5 Nd5 17. Re1 Qf6 18. Ra3 Rfd8 19. Rd3 h6 20. b3 Re8 21. Be3
Nxe3 22. Rexe3 Bf5 23. Rd6 Qb2 24. Rxe8+ Rxe8 25. Rd8 Qe5 26. Qd2 Qa1+ 27. Kh2
Rxd8 28. Qxd8+ Kh7 29. Qxa5 Qb2 30. Qc7 Qxf2 31. Qxf7 Qc2 32. Qc4 Qa2 33. Kg1
Qa1+ 34. Qf1 Qe5 35. b4 Be6 36. Qd3+ Kg8 37. a5 Qa1+ 38. Kf2 Qb2+ 39. Qe2 Qd4+
40. Qe3 Qb2+ 41. Qe2 Qd4+ 1/2-1/2

[Event "AUTO-ELITE-640"]
[Site "http://www.queenalice.com/game.php?id=843437"]
[Date "2010.10.8"]
[Round "1"]
[White "Crumbnick"]
[Black "amarkin"]
[Result "1/2-1/2"]
[WhiteElo "2550"]
[BlackElo "2540"]

1. e4 c6 2. d4 d5 3. e5 Bf5 4. Nf3 e6 5. Be2 Nd7 6. h3 Bb4+ 7. c3 Ba5 8. O-O h6
9. Qb3 Rb8 10. Bf4 Ne7 11. Nbd2 O-O 12. Qa3 b5 13. Nb3 Bc7 14. Nh4 Be4 15. Nf3
a5 16. Nfd2 Bf5 17. Rfc1 a4 18. Nc5 Nxc5 19. Qxc5 Qd7 20. Qb4 Ra8 21. Qa3 f6 22.
Bh5 g6 23. Bg4 g5 24. exf6 Bxf4 25. Qxe7 Qxe7 26. fxe7 Rfe8 27. Bxf5 exf5 28.
Rd1 Rxe7 29. g3 Bxd2 30. Rxd2 Rae8 31. Kf1 a3 32. bxa3 Ra8 33. Re2 Kf7 34. Rxe7+
Kxe7 35. Ke2 Rxa3 36. Kd2 Kd6 37. Kc2 c5 38. Kb2 b4 39. Rc1 c4 40. cxb4 Rf3 41.
Rf1 f4 42. gxf4 Rxf4 43. a4 Rxd4 44. a5 1/2-1/2

[Event "Challenge"]
[Site "http://www.queenalice.com/game.php?id=878864"]
[Date "2010.12.30"]
[Round "-"]
[White "cro_kramnik"]
[Black "Crumbnick"]
[Result "1-0"]
[WhiteElo "2554"]
[BlackElo "2561"]

1. d4 Nf6 2. c4 e6 3. g3 d5 4. Nf3 dxc4 5. Bg2 Bb4+ 6. Bd2 a5 7. O-O Nc6 8. e3
O-O 9. Qe2 Bd6 10. Na3 Bxa3 11. bxa3 Qd5 12. Rfc1 b5 13. a4 Ba6 14. Ne5 Ne4 15.
Nxc6 Qxc6 16. axb5 Bxb5 17. a4 Ba6 18. Bxa5 f5 19. Qc2 Rfb8 20. Rcb1 Rxb1+ 21.
Rxb1 Ra7 22. f3 Nf6 23. f4 Ne4 24. Bxe4 Qxe4 25. Qxe4 fxe4 26. Rb8+ Kf7 27. Kf2
Rb7 28. Rxb7 Bxb7 29. Bxc7 c3 30. Ke1 Ba6 31. Ba5 c2 32. Kd2 Bd3 33. Bc3 g6 34.
Bb2 Ke7 35. a5 Kd7 36. g4 Kc6 37. Kc3 Kb5 38. d5 exd5 39. f5 gxf5 40. gxf5 Kc6
41. Kd4 Be2 42. Bc1 Bc4 43. Ke5 Ba6 44. f6 Kd7 45. Kxd5 Bb7+ 46. Kc5 Ke6 47. Bb2
Kd7 48. Kb6 Bd5 49. a6 Kd6 50. Ba3+ Ke6 51. Kc5 Ba8 52. Bb2 Kd7 53. Kd4 Ke6 54.
Kc4 Bd5+ 55. Kc5 Ba8 56. Kb6 c1=Q 57. Bxc1 Kxf6 58. Ba3 Kf5 59. Kc7 1-0

[Event "AUTO-ELITE-296"]
[Site "http://www.queenalice.com/game.php?id=905510"]
[Date "2011.2.25"]
[Round "2"]
[White "Crumbnick"]
[Black "Donidon"]
[Result "1/2-1/2"]
[WhiteElo "2539"]
[BlackElo "2363"]

1. e4 e5 2. Nf3 Nc6 3. Bb5 a6 4. Ba4 b5 5. Bb3 Nf6 6. O-O Be7 7. Nc3 d6 8. a4 b4
9. Nd5 a5 10. Qe2 O-O 11. c3 Nxd5 12. exd5 Nb8 13. Re1 Ba6 14. Bc4 Bf6 15. d4
exd4 16. Bxa6 Nxa6 17. cxd4 Re8 18. Be3 Nb8 19. Qb5 Nd7 20. Rec1 Nb6 21. Rc6 Re4
22. Rac1 Ra7 23. Nd2 Re7 24. b3 h6 25. Nc4 Nxc4 26. Qxc4 Qa8 27. h3 Kh7 28. Qd3+
Kg8 29. Kh2 Qe8 30. Rd1 Qc8 31. Rd2 Ra8 32. Rb2 Ra7 33. Rbc2 Qa8 34. Qf5 Qe8 35.
Bxh6 Bxd4 36. Bf4 Bc3 37. Qd3 Ra8 38. Bd2 Bxd2 39. Rxd2 f6 40. g3 Qf7 41. Qf5 g6
42. Qf4 f5 43. Kg2 Re4 44. Qf3 g5 45. Qd3 Re7 46. Rc4 Re5 47. Qf3 Rae8 48. h4
Re4 49. Rdd4 g4 50. Qd3 Re1 51. Qd2 1/2-1/2

[Event "AUTO-ELITE-296"]
[Site "http://www.queenalice.com/game.php?id=905511"]
[Date "2011.2.25"]
[Round "2"]
[White "Donidon"]
[Black "Crumbnick"]
[Result "1-0"]
[WhiteElo "2335"]
[BlackElo "2553"]

1. e4 c5 2. Nf3 d6 3. d4 cxd4 4. Nxd4 Nf6 5. Nc3 g6 6. Be3 Bg7 7. f3 Nc6 8. Qd2
Nxd4 9. Bxd4 O-O 10. O-O-O Qa5 11. Kb1 Rd8 12. g4 Rb8 13. Nd5 Qxd2 14. Rxd2 Nxd5
15. Bxg7 Kxg7 16. exd5 e5 17. dxe6 fxe6 18. Bc4 d5 19. Rhd1 Bd7 20. Bxd5 Ba4 21.
Bxe6 Rxd2 22. Rxd2 Bc6 23. Bd5 Re8 24. c4 Re1+ 25. Kc2 Bxd5 26. cxd5 Kf8 27. Rd4
Re2+ 28. Rd2 Re3 29. Rd4 Re2+ 30. Kc3 Re3+ 31. Rd3 Re2 32. h4 Ke7 33. Kd4 Kd6
34. Rb3 b6 35. Ra3 Rd2+ 36. Ke3 Rxb2 37. Rxa7 Kxd5 38. Rxh7 Rxa2 39. Rg7 b5 40.
Rxg6 Ra3+ 41. Kf4 b4 42. h5 b3 43. Rb6 Kc5 44. Rb8 Ra4+ 45. Ke3 1-0

[Event "Challenge"]
[Site "http://www.queenalice.com/game.php?id=926652"]
[Date "2011.4.16"]
[Round "-"]
[White "Crumbnick"]
[Black "cro_kramnik"]
[Result "1/2-1/2"]
[WhiteElo "2553"]
[BlackElo "2562"]

1. e4 g6 2. d4 Bg7 3. Nf3 d6 4. Be2 Nd7 5. O-O e5 6. dxe5 dxe5 7. Nc3 Ngf6 8.
Qd3 c6 9. a4 a5 10. b3 O-O 11. Rd1 Re8 12. Qc4 h6 13. Nh4 Nh7 14. Bg4 Qxh4 15.
Bxd7 Rd8 16. Bxc8 Rxd1+ 17. Nxd1 Rxc8 18. Nb2 Ra8 19. Be3 Ng5 20. f3 Ne6 21. g3
Qe7 22. Qc3 Nd4 23. Kg2 Qe6 24. Qd3 b5 25. Bxd4 exd4 26. Nd1 Qd7 27. Nf2 g5 28.
Qd2 b4 29. Nd3 Re8 30. Re1 Qe7 31. Qe2 Qc7 1/2-1/2

[Event "helianthus-2"]
[Site "http://www.queenalice.com/game.php?id=929988"]
[Date "2011.4.25"]
[Round "1"]
[White "kasker"]
[Black "Crumbnick"]
[Result "0-1"]
[WhiteElo "2476"]
[BlackElo "2555"]

1. e4 c5 2. Nf3 d6 3. d4 cxd4 4. Nxd4 Nf6 5. Nc3 Nc6 6. Bg5 e6 7. Qd2 Be7 8.
O-O-O O-O 9. f4 h6 10. Bh4 e5 11. Bxf6 Bxf6 12. Nxc6 bxc6 13. Qxd6 Qb6 14. fxe5
Rd8 15. exf6 Rxd6 16. Rxd6 Bg4 17. h3 Qe3+ 18. Rd2 Qe1+ 19. Nd1 Be6 20. fxg7
Bxa2 21. g4 Qxe4 22. Bg2 Qa4 23. Nc3 Qa6 24. Rd6 Be6 25. Kb1 Rb8 26. Rhd1 Rb6
27. R1d4 Qa3 28. Nd1 Qa2+ 29. Kc1 Qa1+ 30. Kd2 Qa5+ 31. Kc1 Ra6 32. c4 Kxg7 33.
Kc2 Qa4+ 34. Kd2 Bxc4 35. Ke1 Qb3 36. Kf2 c5 37. Rxa6 cxd4 38. Ra1 Qd3 39. Bf3
Qf1+ 40. Kg3 Kf6 41. Ra3 Qg1+ 42. Kh4 Qe1+ 43. Kh5 Kg7 44. b4 Qxb4 0-1